[Event "FRA-ch U20"]
[Site "Europe Echecs INT"]
[Date "2020.07.12"]
[Round "1"]
[White "Gerard, Kelian"]
[Black "Baudouin, Simon"]
[Result "0-1"]
[WhiteElo "1056"]
[BlackElo "1926"]
[PlyCount "56"]
[EventDate "2020.07.12"]
[EventType "swiss (rapid)"]
[EventRounds "9"]
[EventCountry "FRA"]
[SourceTitle "EXT 2021"]
[Source "ChessBase"]
[SourceDate "2020.10.23"]
[SourceVersion "1"]
[SourceVersionDate "2020.10.23"]
[SourceQuality "1"]

1. d4 Nf6 2. c4 g6 3. Nc3 d5 4. Nf3 Bg7 5. e3 0-0 6. Bd3 c5 7. 0-0 cxd4 8. exd4 Nc6 9. cxd5 Nxd5 10. Nxd5 Qxd5 11. Be3 Nxd4 12. Nxd4 Bxd4 13. Qd2 Rd8 14. Bxd4 Qxd4 15. Rfd1 Bf5 16. Bxf5 Qxd2 17. Rxd2 Rxd2 18. Be4 Rad8 19. g3 Rxb2 20. Kg2 Rdd2 21. Rf1 e5 22. Bxb7 Rxb7 23. a4 Rbb2 24. a5 e4 25. Kh3 Rxf2 26. Re1 f5 27. Rh1 g5 28. g4 Rb3# 0-1

[Event "FRA-ch U20"]
[Site "Europe Echecs INT"]
[Date "2020.07.12"]
[Round "3"]
[White "Gerard, Kelian"]
[Black "Chevillon, Manon1111"]
[Result "0-1"]
[WhiteElo "1056"]
[BlackElo "1356"]
[PlyCount "106"]
[EventDate "2020.07.12"]
[EventType "swiss (rapid)"]
[EventRounds "9"]
[EventCountry "FRA"]
[SourceTitle "EXT 2021"]
[Source "ChessBase"]
[SourceDate "2020.10.23"]
[SourceVersion "1"]
[SourceVersionDate "2020.10.23"]
[SourceQuality "1"]

1. d4 Nf6 2. c4 e6 3. Nc3 Bb4 4. a3 Be7 5. e4 d6 6. Nf3 b6 7. Bd3 Bb7 8. h3 Nbd7 9. 0-0 c5 10. e5 Nh5 11. g4 dxe5 12. dxe5 Bxf3 13. Qxf3 Nxe5 14. Qe2 Qxd3 15. Qxe5 Nf6 16. Nb5 0-0 17. Bg5 Qxh3 18. Qh2 Qxh2+ 19. Kxh2 Nxg4+ 20. Kg3 Bxg5 21. Kxg4 Bf6 22. Rab1 a6 23. Nc7 Ra7 24. Nxa6 Rxa6 25. b4 cxb4 26. axb4 Rc8 27. Rfc1 h6 28. c5 bxc5 29. bxc5 Rac6 30. Rb5 Bd4 31. f4 Rxc5 32. Rbxc5 Rxc5 33. Rxc5 Bxc5 34. f5 exf5+ 35. Kxf5 g6+ 36. Kf6 g5 37. Kf5 Kg7 38. Ke5 Kg6 39. Ke4 f5+ 40. Kf3 h5 41. Kg3 h4+ 42. Kh3 Kh5 43. Kg2 Bd6 44. Kh3 g4+ 45. Kg2 h3+ 46. Kg1 g3 47. Kh1 Kg4 48. Kg1 Kf3 49. Kh1 g2+ 50. Kg1 Bc5+ 51. Kh2 Kf2 52. Kxh3 g1Q 53. Kh4 Qg4# 0-1